All Teams Francesco Totti scored against - Statistics

General Stats
  • This quiz has been taken 106 times
  • The average score is 31 of 78
Answer Stats
# TEAM COMPETITIONS YEARS % Correct
12 Inter Coppa Italia, Serie A 1999-2013
100%
10 Juventus Coppa Italia, Serie A 1994-2014
96%
11 Milan Coppa Italia, Serie A 1996-2015
90%
11 Lazio Serie A 1998-2015
89%
3 Real Madrid Champions League 2001-2002
87%
7 Napoli Serie A 1998-2009
83%
14 Fiorentina Serie A, Supercup 1995-2012
78%
7 Genoa Coppa Italia, Serie A 1994-2016
78%
8 Torino Coppa Italia, Serie A 2002-2016
73%
10 Palermo Serie A 2004-2015
71%
15 Sampdoria Serie A 1998-2016
71%
20 Parma Coppa Italia, Serie A 1997-2014
70%
1 Manchester City Champions League 2014
69%
16 Udinese Coppa Italia, Serie A 1997-2014
67%
10 Atalanta Coppa Italia, Serie A 1997-2016
66%
12 Bari Serie A 1995-2011
66%
5 (Hellas) Verona Serie A 1997-2015
66%
1 Bayern Munich Champions League 2010
64%
1 France U21 1996
64%
7 Bologna Serie A 2000-2009
63%
14 Cagliari Serie A 1999-2013
63%
9 Chievo Serie A 2003-2014
59%
2 Spain U15, U18 1992-1995
57%
1 Olympique Lyonnais Champions League 2007
54%
1 Australia World Cup 2006
52%
5 Catania Coppa Italia, Serie A 2006-2014
51%
10 Lecce Serie A 1997-2009
49%
1 England U15 1992
48%
3 Valencia Champions League 2003-2006
46%
2 Portugal International Friendly, U16 1992-2000
45%
1 Sassuolo Serie A 2015
45%
5 Empoli Serie A 2003-2004
43%
7 Brescia Serie A 1995-2003
42%
5 Livorno Serie A 2004-2007
42%
1 Belgium Euro Champs 2000
41%
5 (KAA) Gent Europa League Qualifiers 2009
39%
1 CSKA Moscow Champions League 2014
36%
4 Messina Serie A 2005-2007
31%
2 Romania Euro Champs, World Cup Qualifiers 2000
31%
6 Siena Coppa Italia, Serie A 2004-2007
31%
1 Como Serie A 2002
30%
4 Perugia Serie A 1998-2002
30%
1 Ascoli Serie A 2006
29%
3 Bulgaria U18, U21 1993-1995
29%
1 Norway U18 1995
29%
1 Salernitana Serie A 1998
29%
1 Finland European Qualifiers 2003
28%
6 Reggina Serie A 1999-2007
28%
1 Bordeaux Champions League 2008
27%
3 Cesena Coppa Italia, Serie A 2012-2017
27%
1 Vicenza Serie A 2000
27%
1 Scotland U16 1991
25%
3 Turkey U15, U23 1992-1997
25%
2 Belarus World Cup Qualifiers 2004
24%
2 Wales U18 1994
24%
3 Basel Champions League, UEFA Cup, Europa League 2005-2010
23%
1 Newcastle UEFA Cup 1999
23%
1 Slovenia U18 1993
23%
1 Foggia Serie A 1994
22%
3 Modena Serie A 2002-2004
20%
1 Olympiacos Champions League 2006
20%
1 Dynamo Kyiv Champions League 2007
19%
1 Ancona Serie A 2003
18%
4 Piacenza Serie A 1998-2003
18%
1 Reggiana Serie A 1997
18%
1 Georgia World Cup Qualifiers 2001
16%
1 Shakhtar Donetsk Champions League 2006
16%
1 (CFR) Cluj Champions League 2008
12%
2 Moldova U21 1997
12%
1 Lokomotiv Moscow Champions League 2001
11%
2 Zürich UEFA Cup 1998
10%
1 Aris Saloniki UEFA Cup 2005
7%
5 Kosice Europa League Qualifiers 2009
7%
1 Bröndby UEFA Cup 1995
4%
1 Fiorenzuola Coppa Italia 1994
4%
1 Eendracht Aalst UEFA Cup 1995
2%
2 (ND) Gorica UEFA Cup 2000
2%
1 Silkeborg UEFA Cup 1998
2%
No matching quizzes found
Score Distribution
Percent of People with Each Score
Percentile by Number Answered
Your Score History
You have not taken this quiz